| 000 | 00592nam a22002177a 4500 | ||
|---|---|---|---|
| 003 | LK-CoMWRAF | ||
| 005 | 20240611140343.0 | ||
| 008 | 240611b |||||||| |||| 00| 0 eng d | ||
| 020 | _a9559052594 | ||
| 040 |
_aLK-CoMWRAF _dLK-CoMWRAF _eLK-CoMWRAF |
||
| 041 | _aeng | ||
| 082 | _bRIG | ||
| 245 | _aRight to safety of person and property | ||
| 260 |
_aColombo: _bCentre for Women's Research,28 p. _c[n.d] |
||
| 300 | _a28 p.; ill. | ||
| 650 | _aLAWS | ||
| 700 |
_aWijayatilake, Kamalini _eed. |
||
| 700 |
_aGunaratne, Cameena _eed. |
||
| 700 |
_aWettasinghe, Sybil _eills. |
||
| 942 | _cBK | ||
| 999 |
_c4921 _d4921 |
||